Learning Concepts in Technology and Engineering : The Disciplinary Basis of T and E in STEM /
Technology education has developed from a craft-oriented subject to a richer, partly cognitive subject. For this latter part, a disciplinary basis is needed. Furthermore, the disciplinary basis for the T has to be seen more and more in the context of the disciplinary basis for the other STEM subject...
المؤلف الرئيسي:
التنسيق: كتاب الكتروني
اللغة: English
منشور في:
Leiden ; Boston :
Brill,
2025.
سلاسل:
Educational Research E-Books Online, Collection 2025.
International Technology Education Studies ;
22.
الموضوعات:
الوصول للمادة أونلاين: Login to view Source
الوسوم: إضافة وسم
رقم الطلب: LA227.3
| LEADER | 02473nam a22004818i 4500 | ||
|---|---|---|---|
| 001 | BRILL9789004730083 | ||
| 003 | nllekb | ||
| 005 | 20250416201611.0 | ||
| 006 | m d | ||
| 007 | cr un uuuua | ||
| 008 | 250207s2025 gw sb 001 0 eng d | ||
| 020 | |a 9789004730083 |q (electronic book) | ||
| 020 | |z 9789004730076 |q (print) | ||
| 024 | 7 | |a 10.1163/9789004730083 |2 DOI | |
| 035 | |z (OCoLC)1483640697 | ||
| 040 | |a NL-LeKB |c NL-LeKB |e rda | ||
| 041 | |a eng | ||
| 050 | 4 | |a LA227.3 | |
| 072 | 7 | |a EDU |x 000000 |2 bisacsh | |
| 072 | 7 | |a JN |2 bicssc | |
| 082 | 0 | 4 | |a 378/.012/0973 |2 23 |
| 100 | 1 | |a Vries, Marc J. de, |e author. | |
| 245 | 1 | 0 | |a Learning Concepts in Technology and Engineering : |b The Disciplinary Basis of T and E in STEM / |c Marc J. de Vries. |
| 246 | 3 | |a The Disciplinary Basis of T and E in STEM | |
| 264 | 1 | |a Leiden ; |a Boston : |b Brill, |c 2025. | |
| 264 | 4 | |c ©2025 | |
| 300 | |a 1 online resource (322 pages) : |b illustrations. | ||
| 336 | |a text |b txt |2 rdacontent | ||
| 337 | |a computer |b c |2 rdamedia | ||
| 338 | |a online resource |2 rdacarrier | ||
| 490 | 1 | |a Educational Research E-Books Online, Collection 2025 | |
| 490 | 1 | |a International Technology Education Studies ; |v 22 | |
| 504 | |a Includes bibliographical references and index. | ||
| 520 | |a Technology education has developed from a craft-oriented subject to a richer, partly cognitive subject. For this latter part, a disciplinary basis is needed. Furthermore, the disciplinary basis for the T has to be seen more and more in the context of the disciplinary basis for the other STEM subjects. This book offers such a disciplinary basis. It can be used for curriculum development, research and teaching. The book brings together insights from philosophy of technology about the meaning of the various concepts that form the disciplinary basis and pedagogical insights into learners' possible preconceptions as well as strategies to teach and learn these concepts. | ||
| 546 | |a English | ||
| 588 | |a Description based on print version record. | ||
| 650 | 0 | |a Education. | |
| 776 | 0 | 8 | |i Print version: |t Learning Concepts in Technology and Engineering : The Disciplinary Basis of T and E in STEM. |d Leiden ; Boston : Brill, 2025. |z 9789004730076 |
| 830 | 0 | |a Educational Research E-Books Online, Collection 2025. | |
| 830 | 0 | |a International Technology Education Studies ; |v 22. | |
| 856 | 4 | |z DOI: |u http://dx.doi.org/10.1163/9789004730083 | |
| 942 | |2 lcc |c EBOOK | ||
| 999 | |c 60796 |d 60796 | ||
